000 00440nam a2200181Ia 4500
001 13827
005 20260306164829.0
008 260306t2000||||xx |||||||||||||| ||spa||
041 _aESP
082 _a005.369
_bJ13
100 _aJacobson, Ivar
_eAUT
245 0 _aEl proceso unificado de desarrollo de software
260 _c2000
300 _a464 páginas :
_c25 cm.
650 _aGEN
654 _aCCC
942 _cLIB
_dJUS
_fJUS
_2ddc
_n
999 _c13827
_d13827